Documentos para la historia regional: Luis Friedrich y su acción clerical, rearticulando la memoria e identidad del pueblo de San Andrés de Pica, 1898-1925

Guardado en:
Detalles Bibliográficos
Autores principales: Figueroa Cerna, Carolina (Autor), Silva Torrealba, Benjamín (Autor)
Formato: Libro
Lenguaje:español
Publicado: Valparaíso Impresos Libra 2010
Edición:1a. ed
Materias:
Etiquetas: Agregar Etiqueta
Sin Etiquetas, Sea el primero en etiquetar este registro!

MARC

LEADER 00000nam a2200000 a 4500
001 UCG6578
003 CL-VaPUC
008 110509e20101100CL |||||||||||||||||spa|d
020 |a 9789563329780 
082 0 4 |a 278.3127  |b FIG  |2 21 
100 0 |a Figueroa Cerna, Carolina  |e author  |9 556854 
700 0 |a Silva Torrealba, Benjamín  |e author  |9 556855 
245 1 0 |a Documentos para la historia regional: Luis Friedrich y su acción clerical, rearticulando la memoria e identidad del pueblo de San Andrés de Pica, 1898-1925 
250 |a 1a. ed 
300 |a 237 p 
942 |c BK 
945 |d 20110509 00:00:00  |a jcampos 
260 |a Valparaíso  |b Impresos Libra  |c 2010 
500 |a Transcripción documental Marjorie Cuello Araya 
600 0 7 |a FRIEDRICH, LUIS  |2 CL-VaPUC  |9 556856 
650 0 |a Cristianismo  |9 257361 
650 0 |a Historia de la iglesia   |9 257565 
650 7 |a EVANGELIZACION  |2 CL-VaPUC  |9 556857 
650 7 |a DOCUMENTOS PASTORALES  |2 CL-VaPUC  |9 548065 
651 7 |a SAN ANDRES DE PICA  |2 CL-VaPUC  |9 556858 
651 7 |a CHILE  |2 CL-VaPUC  |9 556859 
583 |a last modification  |c 20110509 00:00:00  |k Rodrigo Vera 
999 |c 344756  |d 344754 
952 |0 0  |1 0  |4 0  |6 278_312700000000000_FIG_2010  |7 0  |8 X  |9 442931  |a FDOBUD  |b FDOBUD  |d 2019-11-22  |i 4772504  |o 278.3127 FIG 2010  |p 4772504  |r 2019-11-22  |w 2019-11-22  |y BK_X  |k BUD